| 000 | 00981cam a2200301 a 4500 | ||
|---|---|---|---|
| 005 | 20260322212041.0 | ||
| 008 | data | ||
| 010 | _a 92013275 | ||
| 020 | _a080075445X | ||
| 020 | _a9780800754457 | ||
| 040 |
_aDLC _cDLC _dDLC |
||
| 050 | 0 | 0 |
_aBF698 _b.L54 1992 |
| 082 | 0 | 0 |
_a155.2/6 _220 |
| 092 | _a155.2 L54 1992 | ||
| 100 | 1 |
_aLittauer, Florence, _d1928- |
|
| 245 | 1 | 0 |
_aPersonality plus / _cFlorence Littauer. |
| 250 | _aRev. and expanded ed. | ||
| 260 |
_aTarrytown, N.Y. : _bF.H. Revell Co., _cc1992. |
||
| 300 |
_avii, 183 p. : _bill. ; _c21 cm. |
||
| 650 | 0 | _aPersonality. | |
| 650 | 0 | _aTemperament. | |
| 650 | 0 |
_aSuccess _xChristianity. _xChristianity. |
|
| 650 | 0 | _aChristian life. | |
| 906 |
_a7 _bcbc _corignew _d1 _eocip _f19 _gy-gencatlg |
||
| 991 |
_bc-GenColl _hBF698 _i.L54 1992 _p00017888456 _tCopy 1 _wBOOKS |
||
| 001 | data | ||
| 999 |
_c973 _d973 |
||